| 000 | 00534nam a22001817a 4500 | ||
|---|---|---|---|
| 003 | NUST - PNEC | ||
| 005 | 20170116181047.0 | ||
| 008 | 150928b xxu||||| |||| 00| 0 eng d | ||
| 020 | _a8171007392 | ||
| 040 | _cLIBRARY | ||
| 082 | _a954.91 GRO | ||
| 100 |
_911745 _aGrover, Verinder |
||
| 245 |
_aPolitical system in Pakistan : Vol 6 - Pakistan's foreign policy its relations with USA, UK, Commonwealth and UNO _cVerinder Grover |
||
| 250 | _aVol 6 | ||
| 260 | _cc.1995 | ||
| 650 |
_911744 _aPakistan _xGeneral |
||
| 942 |
_2ddc _cBK |
||
| 999 |
_c68266 _d68266 |
||